| 000 | 00778nam a2200229 a 4500 | ||
|---|---|---|---|
| 005 | 20231101063743.0 | ||
| 008 | 060522s2004 mx r 000 0 spa d | ||
| 020 | _a9706518789 | ||
| 035 | _aUPN01000144576 | ||
| 049 | _aCG | ||
| 050 | 4 |
_aPQ7297 P8 _bA1.6 2004 |
|
| 100 | 1 |
_aPrieto, Guillermo, _d1818-1897 |
|
| 245 | 1 | 0 |
_aCrónicas escogidas / _cGuillermo Prieto ; selec., estudio prel., cronol. y apénd. documental de Juan Domingo Argüelles. |
| 260 |
_aMéxico : _bOcéano, _cc2004. |
||
| 300 |
_a398 p. : _bil. |
||
| 440 | 0 | _aIntemporales | |
| 651 | 4 |
_aMéxico _xVida social y costumbres _95816 |
|
| 651 | 2 |
_aMéxico _xHistoria _y1821-1861 _94624 |
|
| 600 | 1 | 4 |
_aPRIETO, GUILLERMO, _d1818-1897 |
| 700 | 1 |
_aArgüelles, Juan Domingo, _d1958- _ecomp. _931417 |
|
| 905 | _aLibro | ||
| 999 |
_c116723 _d116723 |
||